00568nam a22002057a 450000500170000001000130001702000110003003500130004103700160005404000120007008200130008210000210009524500640011625000170018026000360019727000470023330000280028050000220030865000320033020170124110219.0 aA-710553 c125.00 aA-710553 bCen Lib/Ret aDPLbEN a921bKAL aKalhan, Promilla aKamala Nehru :cby Promilla Kalhanban intimate biography / a2nd rev. ed. aNew DelhibNIB Publishersc1990 bNew Delhie110005a13/22, W.E.A.Karol Bagh a147p. :c20cm(Hb)bill. aIncludes index  aNehru, Kamala, -- 1899-1936